The classical economists and economic policy
Salvato in:
| Autore principale: | |
|---|---|
| Natura: | Libro |
| Lingua: | Undetermined |
| Pubblicazione: |
London
Methuen
1971
|
| Soggetti: | |
| Tags: |
Aggiungi Tag
Nessun Tag, puoi essere il primo ad aggiungerne! !
|
| Thư viện lưu trữ: | Trung tâm Học liệu Trường Đại học Cần Thơ |
|---|
| LEADER | 00510nam a2200193Ia 4500 | ||
|---|---|---|---|
| 001 | CTU_78682 | ||
| 008 | 210402s9999 xx 000 0 und d | ||
| 082 | |a 330.15 | ||
| 082 | |b C652 | ||
| 100 | |a Coats, A. W. | ||
| 245 | 4 | |a The classical economists and economic policy | |
| 245 | 0 | |c A. W. Coats | |
| 260 | |a London | ||
| 260 | |b Methuen | ||
| 260 | |c 1971 | ||
| 650 | |a Economics,Free enterprise | ||
| 650 | |x History | ||
| 650 | |z Great Britain | ||
| 980 | |a Trung tâm Học liệu Trường Đại học Cần Thơ | ||